<?xml version="1.0" encoding="UTF-8"?>
<record
    xmlns:xsi="http://www.w3.org/2001/XMLSchema-instance"
    xsi:schemaLocation="http://www.loc.gov/MARC21/slim http://www.loc.gov/standards/marcxml/schema/MARC21slim.xsd"
    xmlns="http://www.loc.gov/MARC21/slim">

  <leader>00343nam a22001337a 4500</leader>
  <controlfield tag="008">240805b        |||||||| |||| 00| 0 eng d</controlfield>
  <datafield tag="020" ind1=" " ind2=" ">
    <subfield code="a">9788119868896</subfield>
  </datafield>
  <datafield tag="100" ind1=" " ind2=" ">
    <subfield code="a">C. K. Takwani</subfield>
  </datafield>
  <datafield tag="245" ind1=" " ind2=" ">
    <subfield code="a">Civil Procedure Limitation And Commercial Courts 10th Edn.</subfield>
  </datafield>
  <datafield tag="250" ind1=" " ind2=" ">
    <subfield code="a">10th</subfield>
  </datafield>
  <datafield tag="260" ind1=" " ind2=" ">
    <subfield code="a">Lucknow</subfield>
    <subfield code="b">EBC</subfield>
    <subfield code="c">2024</subfield>
  </datafield>
  <datafield tag="300" ind1=" " ind2=" ">
    <subfield code="a">848</subfield>
  </datafield>
  <datafield tag="942" ind1=" " ind2=" ">
    <subfield code="2">ddc</subfield>
    <subfield code="c">BK</subfield>
  </datafield>
  <datafield tag="999" ind1=" " ind2=" ">
    <subfield code="c">20768</subfield>
    <subfield code="d">20768</subfield>
  </datafield>
  <datafield tag="952" ind1=" " ind2=" ">
    <subfield code="p">LLB 1300</subfield>
    <subfield code="i">30-7-2024</subfield>
    <subfield code="l">0</subfield>
    <subfield code="e">ABD, Jammu</subfield>
    <subfield code="r">2024-08-05 00:00:00</subfield>
    <subfield code="w">2024-08-05</subfield>
    <subfield code="y">BK</subfield>
    <subfield code="0">0</subfield>
    <subfield code="4">0</subfield>
    <subfield code="7">1</subfield>
    <subfield code="a">MIETLIB</subfield>
    <subfield code="b">MIETLIB</subfield>
    <subfield code="c">184/3</subfield>
    <subfield code="d">2024-08-02</subfield>
    <subfield code="1">0</subfield>
    <subfield code="H">BBA LLB</subfield>
  </datafield>
  <datafield tag="952" ind1=" " ind2=" ">
    <subfield code="p">LLB 1301</subfield>
    <subfield code="i">30-7-2024</subfield>
    <subfield code="l">1</subfield>
    <subfield code="e">ABD, Jammu</subfield>
    <subfield code="q">2024-12-10</subfield>
    <subfield code="r">2024-08-08 00:00:00</subfield>
    <subfield code="s">2024-08-08</subfield>
    <subfield code="w">2024-08-05</subfield>
    <subfield code="y">BK</subfield>
    <subfield code="0">0</subfield>
    <subfield code="4">0</subfield>
    <subfield code="7">0</subfield>
    <subfield code="a">MIETLIB</subfield>
    <subfield code="b">MIETLIB</subfield>
    <subfield code="c">185/1</subfield>
    <subfield code="d">2024-08-02</subfield>
    <subfield code="1">0</subfield>
    <subfield code="H">BBA LLB</subfield>
  </datafield>
  <datafield tag="952" ind1=" " ind2=" ">
    <subfield code="p">LLB 1302</subfield>
    <subfield code="i">30-7-2024</subfield>
    <subfield code="l">5</subfield>
    <subfield code="e">ABD, Jammu</subfield>
    <subfield code="r">2025-12-16 12:12:00</subfield>
    <subfield code="s">2025-12-04</subfield>
    <subfield code="w">2024-08-05</subfield>
    <subfield code="y">BK</subfield>
    <subfield code="0">0</subfield>
    <subfield code="4">0</subfield>
    <subfield code="7">0</subfield>
    <subfield code="a">MIETLIB</subfield>
    <subfield code="b">MIETLIB</subfield>
    <subfield code="c">185/1</subfield>
    <subfield code="d">2024-08-02</subfield>
    <subfield code="1">0</subfield>
    <subfield code="H">BBA LLB</subfield>
  </datafield>
  <datafield tag="952" ind1=" " ind2=" ">
    <subfield code="p">LLB 1303</subfield>
    <subfield code="i">30-7-2024</subfield>
    <subfield code="l">3</subfield>
    <subfield code="e">ABD, Jammu</subfield>
    <subfield code="r">2025-06-17 00:00:00</subfield>
    <subfield code="s">2025-03-27</subfield>
    <subfield code="w">2024-08-05</subfield>
    <subfield code="y">BK</subfield>
    <subfield code="0">0</subfield>
    <subfield code="4">0</subfield>
    <subfield code="7">0</subfield>
    <subfield code="a">MIETLIB</subfield>
    <subfield code="b">MIETLIB</subfield>
    <subfield code="c">185/1</subfield>
    <subfield code="d">2024-08-02</subfield>
    <subfield code="1">0</subfield>
    <subfield code="H">BBA LLB</subfield>
  </datafield>
  <datafield tag="952" ind1=" " ind2=" ">
    <subfield code="p">LLB 1304</subfield>
    <subfield code="i">30-7-2024</subfield>
    <subfield code="l">6</subfield>
    <subfield code="e">ABD, Jammu</subfield>
    <subfield code="r">2025-12-18 15:44:22</subfield>
    <subfield code="s">2025-10-29</subfield>
    <subfield code="w">2024-08-05</subfield>
    <subfield code="y">BK</subfield>
    <subfield code="0">0</subfield>
    <subfield code="4">0</subfield>
    <subfield code="7">0</subfield>
    <subfield code="a">MIETLIB</subfield>
    <subfield code="b">MIETLIB</subfield>
    <subfield code="c">185/1</subfield>
    <subfield code="d">2024-08-02</subfield>
    <subfield code="1">0</subfield>
    <subfield code="H">BBA LLB</subfield>
  </datafield>
</record>
